| 000 | 01059nam a2200277 a 4500 | ||
|---|---|---|---|
| 001 | |||
| 003 | DO-SdBNP | ||
| 005 | 20240408132027.0 | ||
| 008 | 110407s1992 dr abc 001 0 spa d | ||
| 040 |
_aDO-SdBNP _bspa _cBPMSU |
||
| 082 | 4 |
_aRD868.3 _bF438o 1992 _222 |
|
| 100 | 1 |
_aFiallo, Fabio _d1886-1942 |
|
| 245 | 1 | 0 |
_aCuentos frágiles y las manzanas de Mefisto / _cFabio Fiallo ; notas de José Enrique García |
| 260 |
_aSanto Domingo : _bEdiciones de la Fundación Corripio, _c1992 |
||
| 300 |
_a2 v. ; _c23 cm. |
||
| 490 | 0 |
_a Biblioteca de clásicos dominicanos, _v13 |
|
| 500 | _aIncluye referencias bibliográficas y notas al pie de las páginas | ||
| 505 | _av. 2 : Cuentos frágiles y las manzanas de Mefisto | ||
| 590 | _aInventariado,2024/VM | ||
| 600 | 1 | 4 |
_aFiallo, Fabio, _d1866-1942 _xColecciones de escritos. |
| 650 | 4 |
_aCuentos dominicanos _xColecciones |
|
| 700 | 1 |
_aBlanco Díaz, Andrés _eed. |
|
| 710 | 2 | _aFundación Corripio (República Dominicana ) | |
| 910 | _aVMateo V. Control de calidad. BPMSU | ||
| 942 |
_2ddc _cBK |
||
| 999 |
_c14618 _d14618 |
||